Pears Cyclopaedia (Record no. 1220201)

MARC details
000 -LEADER
fixed length control field 00447nam a2200181Ia 4500
008 - FIXED-LENGTH DATA ELEMENTS--GENERAL INFORMATION
fixed length control field 151121s9999||||xx |||||||||||||| ||und||
082 ## - DEWEY DECIMAL CLASSIFICATION NUMBER
Classification number 032/Bar
082 ## - DEWEY DECIMAL CLASSIFICATION NUMBER
Item number HNW-18268
100 ## - MAIN ENTRY--PERSONAL NAME
Personal name Barker L।।-Edi।
245 ## - TITLE STATEMENT
Title Pears Cyclopaedia
260 ## - PUBLICATION, DISTRIBUTION, ETC. (IMPRINT)
Name of publisher, distributor, etc Pelham Books
260 ## - PUBLICATION, DISTRIBUTION, ETC. (IMPRINT)
Date of publication, distribution, etc --
600 ## - SUBJECT ADDED ENTRY--PERSONAL NAME
Personal name Barker L।।-Edi।
630 ## - SUBJECT ADDED ENTRY--UNIFORM TITLE
Uniform title Pears Cyclopaedia
700 ## - ADDED ENTRY--PERSONAL NAME
Personal name Barker L।।-Edi।
730 ## - ADDED ENTRY--UNIFORM TITLE
Uniform title Pears Cyclopaedia
942 ## - ADDED ENTRY ELEMENTS (KOHA)
Koha item type Book
Holdings
Withdrawn status Lost status Damaged status Not for loan Home library Current library Date acquired Total Checkouts Full call number Barcode Date last seen Price effective from Koha item type
        Hirachand Nemchand Wachanalaya, Solapur Hirachand Nemchand Wachanalaya, Solapur 11/21/2015   HNW-18268 HNW-18268 11/21/2015 11/21/2015 Book